Un puente hasta Terabithia / (Record no. 24465)

MARC details
000 -LEADER
fixed length control field 01659cam a2200445Ii 4500
001 - CONTROL NUMBER
control field 45220551
003 - CONTROL NUMBER IDENTIFIER
control field OCoLC
005 - DATE AND TIME OF LATEST TRANSACTION
control field 20200314130324.0
008 - FIXED-LENGTH DATA ELEMENTS--GENERAL INFORMATION
fixed length control field 001024s1999 sp a j 000 1 spa d
020 ## - INTERNATIONAL STANDARD BOOK NUMBER
International Standard Book Number 8427932499
Qualifying information (rustica)
020 ## - INTERNATIONAL STANDARD BOOK NUMBER
International Standard Book Number 9788427932494
Qualifying information (rustica)
020 ## - INTERNATIONAL STANDARD BOOK NUMBER
Canceled/invalid ISBN 8427936062 (tapa dura)
040 ## - CATALOGING SOURCE
Original cataloging agency FBR
Description conventions rda
Transcribing agency FBR
Modifying agency PAP
041 1# - LANGUAGE CODE
Language code of text/sound track or separate title spa
Language code of original eng
090 ## - LOCALLY ASSIGNED LC-TYPE CALL NUMBER (OCLC); LOCAL CALL NUMBER (OCLC)
Classification number (OCLC) (R) ; Classification number, CALL (RLIN) (NR) J SPANISH Fiction Paterson
100 1# - MAIN ENTRY--PERSONAL NAME
Personal name Paterson, Katherine.
240 10 - UNIFORM TITLE
Uniform title <a href="Bridge to Terabithia.">Bridge to Terabithia.</a>
Language of a work Spanish.
245 13 - TITLE STATEMENT
Title Un puente hasta Terabithia /
Statement of responsibility, etc. Katherine Paterson ; ilustrado por Donna Diamond ; [traduccion de Barbara McShane y Javier Alfaya].
250 ## - EDITION STATEMENT
Edition statement 1a edicion.
260 ## - PUBLICATION, DISTRIBUTION, ETC. (IMPRINT)
Place of publication, distribution, etc. Barcelona :
Name of publisher, distributor, etc. Noguer y Caralt,
Date of publication, distribution, etc. 1999.
264 #1 - PRODUCTION, PUBLICATION, DISTRIBUTION, MANUFACTURE, AND COPYRIGHT NOTICE
Place of production, publication, distribution, manufacture Barcelona :
Name of producer, publisher, distributor, manufacturer Noguer y Caralt,
Date of production, publication, distribution, manufacture, or copyright notice 1999.
300 ## - PHYSICAL DESCRIPTION
Extent 122 pages :
Other physical details illustrations ;
Dimensions 20 cm.
336 ## - CONTENT TYPE
Content type term text
Content type code txt
Source rdacontent.
337 ## - MEDIA TYPE
Media type term unmediated
Media type code n
Source rdamedia.
338 ## - CARRIER TYPE
Carrier type term volume
Carrier type code nc
Source rdacarrier.
500 ## - GENERAL NOTE
General note Original title: Bridge to Terabithia, c1977 by Katherine Paterson.
500 ## - GENERAL NOTE
General note First printed in Spanish in 1984 by Alfaguara.
520 ## - SUMMARY, ETC.
Summary, etc. The life of a ten-year-old boy in rural Virginia expands when he becomes friends with a newcomer who subsequently meets an untimely death trying to reach their hideaway, Terabithia, during a storm.
650 #1 - SUBJECT ADDED ENTRY--TOPICAL TERM
Topical term or geographic name as entry element Friendship.
650 #1 - SUBJECT ADDED ENTRY--TOPICAL TERM
Topical term or geographic name as entry element Death.
650 #1 - SUBJECT ADDED ENTRY--TOPICAL TERM
Topical term or geographic name as entry element Geographical myths.
655 #0 - INDEX TERM--GENRE/FORM
Genre/form data or focus term Spanish language materials.
655 #0 - INDEX TERM--GENRE/FORM
Genre/form data or focus term Juvenile literature.
655 #0 - INDEX TERM--GENRE/FORM
Genre/form data or focus term Juvenile fiction.
700 1# - ADDED ENTRY--PERSONAL NAME
Personal name McShane, Barbara.
700 1# - ADDED ENTRY--PERSONAL NAME
Personal name Alfaya, Javier.
700 1# - ADDED ENTRY--PERSONAL NAME
Personal name Diamond, Donna.
830 #0 - SERIES ADDED ENTRY--UNIFORM TITLE
Uniform title Cuatro vientos ;
Volume number/sequential designation 123.
942 ## - ADDED ENTRY ELEMENTS (KOHA)
Koha item type Libro/Book
Source of classification or shelving scheme Dewey Decimal Classification
Holdings
Withdrawn status Lost status Damaged status Not for loan Home library Current library Shelving location Date acquired Inventory number Total Checkouts Full call number Barcode Date last seen Date checked out Price effective from Koha item type
        San Juan Del Sur -- Biblioteca San Juan Del Sur -- Biblioteca General Stacks 02/05/2014 Inventory date: 15-5-25 2 JF 30001352 24/10/2023 29/09/2023 02/05/2014 Libro/Book

Powered by Koha